Crítica y polémica. Cuarta serie. /

Guardado en:
Autor Principal: Giusti, Roberto F.
Formato: Libro
Idioma:Spanish
Publicado: Buenos Aires : Nosotros, 1930.
Materias:
Etiquetas: Agregar Etiqueta
Sin Etiquetas, Sea el primero en etiquetar este registro!
LEADER 00470nam a22001575a 4500
001 EUN.um023421
003 AR-BaUNS
005 20050623122902.0
008 041125s1930####ag############000#0#spa#d
245 1 0 |a Crítica y polémica. Cuarta serie. /  |c Roberto F. Giusti. 
260 |a Buenos Aires :  |b Nosotros,  |c 1930. 
300 |a 179 p. 
100 1 |a Giusti, Roberto F. 
082 0 4 |a A864.4 
653 |a Critica literaria 
859 |a Ar-BaUNS  |b BIB. CENTRAL - Sector C  |h A864.4  |i G449-2  |p 103793/994